| 000 | | | 04684cbm0a2200289#x 450 |
| 001 | | | 8c551f2a-f6c0-456f-8f1d-54ff5f5fdec5 |
| 005 | | | 20240226104916.0 |
| 100 | ## | $a | 20240220d19430110k###0rusy50 ca |
| 101 | 0# | $a | rus |
| 102 | ## | $a | RU |
| 122 | 0# | $a | d19430110## |
| 200 | 1# | $a | Боевой приказ № 001/оп штаба 56-й армии Черноморской группы войск Закавказского фронта о прорыве к реке Кубань и захвате переправ и мостов |
| | $j | 10 января 1943 г. |
| 251 | ## | $c | Документ |
| 300 | ## | $a | Подлинник |
| 461 | #0 | $1 | 2001 |
| | $a | Ф. 412 |
| | $1 | 251 |
| | $c | Фонд |
| | $1 | 852 |
| | $j | 412 |
| 462 | #0 | $1 | 2001 |
| | $a | Оп. 10282 |
| | $1 | 251 |
| | $c | Опись |
| | $1 | 852 |
| | $j | 10282 |
| 462 | #0 | $1 | 2001 |
| | $a | Д. 81 |
| | $v | Л. 20-29 |
| | $1 | 251 |
| | $c | Дело |
| | $1 | 852 |
| | $j | 81 |
| 601 | 02 | $2 | nlr_sh |
| | $3 | RU\NLR\AUTH\661591687 |
| | $a | Закавказский фронт |
| | $c | 1942 - 1945 |
| | $j | Документы и материалы |
| 605 | ## | $2 | prlib_sh |
| | $3 | LIBNET\UAF\0000088514 |
| | $a | Вторая мировая война в архивных документах (Комплекс оцифрованных архивных документов, кино- и фотоматериалов) |
| | $l | коллекция |
| 606 | 1# | $2 | nlr_sh |
| | $3 | RU\NLR\AUTH\661278910 |
| | $a | Великая Отечественная война |
| | $z | 1941 - 1945 |
| | $y | Кавказ Северный |
| | $j | Документы и материалы |
| 606 | 1# | $2 | nlr_sh1 |
| | $3 | RU\NLR\AUTH\66178895 |
| | $a | Великая Отечественная война |
| | $z | 1941 - 1945 |
| | $x | Военные операции |
| | $y | Кубань |
| | $z | 1943 |
| | $j | Документы и материалы |
| 686 | ## | $a | 63.3(2)622,12ю11 |
| | $v | LBC/M |
| | $2 | rubbk |
| 801 | #0 | $a | RU |
| | $b | ПБ им. Б.Н. Ельцина |
| | $c | 20240220 |
| 801 | #1 | $a | RU |
| | $b | ПБ им. Б.Н. Ельцина |
| | $c | 20240220 |
| | $2 | rusmarc |
| 801 | #2 | $a | RU |
| | $b | ПБ им. Б.Н. Ельцина |
| | $c | 20240226 |
| | $2 | rusmarc |
| 850 | ## | $a | Центральный архив Министерства обороны Российской Федерации |
| 852 | ## | $a | ЦА МО РФ |
| | $j | Л. 20-29 |
| 035 | ## | $a | LIBNET\0001382246 |
| 937 | ## | $d | 191101641 |
| | $h | Федеральное архивное агентство |
| 856 | 4# | $u | http://readingroom.main.prlib.ru/item.aspx?id_node=n191101641&mode=full |